| 000 | 00856cab a2200229 4500 | ||
|---|---|---|---|
| 001 | WB2645-08 | ||
| 008 | 090401t1990 xxu||||| |||| 00| 0 eng d | ||
| 035 | _a(Sirsi) u22101 | ||
| 041 | _aeng | ||
| 245 | _aEnvironmental damage | ||
| 260 | _c1990 | ||
| 350 | _a0 | ||
| 490 |
_aHouse of Lords _vPress Release 15 November 1990 (2) |
||
| 520 | _aA House of Lords European Communities Committee report proposes that strict civil liability should be imposed on those involved in activities, which are potentially dangerous to the environment , such as waste production and treatment. It should be possible that such liabilities can be insured against. | ||
| 650 | _aCOMPENSATION | ||
| 650 | _aGREEN ISSUES | ||
| 650 |
_aInsurance _96249 |
||
| 650 | _aLIABILITY | ||
| 690 | _aENVIRONMENTAL AND LAND CONSULTANCY | ||
| 942 | _n0 | ||
| 948 | _c04/03/1997 | ||
| 999 |
_c14798 _d14798 |
||